International law and human rights /

محفوظ في:
التفاصيل البيبلوغرافية
المؤلف الرئيسي: Agarwal, H. O.
التنسيق: كتاب
منشور في: New Delhi: Central Law Publications, 2015.
الطبعة:20th ed.
الموضوعات:
الوسوم: إضافة وسم
لا توجد وسوم, كن أول من يضع وسما على هذه التسجيلة!

MARC

LEADER 00000nam a22000007a 4500
005 20260401095225.0
020 |a 9789382676485  |c TZS 80,652/= 
040 |a MCCL  |b eng.  |e AACR2 2nd rev. ed. 
082 |a 341.48 AGA 
100 |a Agarwal, H. O.  
245 |a International law and human rights /  |c H. O. Agarwal. 
250 |a 20th ed.  
260 |a New Delhi:  |b Central Law Publications,   |c 2015. 
300 |a xl, 1047 p. :  |c 27 cm. 
504 |a Includes subject index (p.995-1004) 
650 |a International organisations  
650 |a Loss of state territory 
650 |a Treaties  
650 |a State jurisdiction  
650 |a Diplomatic agents  
650 |a State succession  
650 |a Aliens  
650 |a Nationality and citizenship  
942 |c BK 
999 |c 12570  |d 12570